000
00417nam a2200133Ia 4500
008
100328s9999 xx 000 0 und d
082
_b
56467
100
_a
कवठेकर दत्त रघुनाथ
245
_a
आभाळाची सावली
260
_b
मनोरमा
630
_a
आभाळाची सावली
730
_a
आभाळाची सावली
942
_c
BOOK
999
_c
543029
_d
543026